Chemistry - Semisonic (Lyrics) - Statistics

General Stats
  • This quiz has been taken 3 times
  • The average score is 211 of 303
Answer Stats
Lyrics % Correct
a
100%
for
100%
her
100%
I
100%
It
100%
it,
100%
it
100%
the
100%
The
100%
to
100%
we
100%
when
100%
When
100%
about
67%
all
67%
alone
67%
amazed
67%
an
67%
And
67%
and
67%
apartment
67%
appreciate
67%
bad
67%
be
67%
burned
67%
but
67%
by
67%
call
67%
chemistry
67%
chemistry,
67%
clear
67%
conducted
67%
couldn't
67%
do
67%
enough
67%
everything
67%
experiments
67%
explode
67%
fine,
67%
fine
67%
Fine
67%
found
67%
from
67%
From
67%
get
67%
girl
67%
good
67%
graduate
67%
had
67%
Had
67%
here
67%
hotel
67%
I'll
67%
In
67%
intentions
67%
It's
67%
just
67%
know?
67%
later,
67%
learned
67%
learned?
67%
long,
67%
long
67%
looking
67%
me
67%
me,
67%
met
67%
mission
67%
my
67%
nobody
67%
nothing,
67%
of
67%
Oh-oh,
67%
Oh-oh-oh,
67%
oh-oh-oh
67%
oh-oh-oh-oh-oh
67%
Oh-whoa-oh,
67%
oh-whoa-oh,
67%
old
67%
out
67%
own
67%
remember
67%
River
67%
Road
67%
rooms
67%
show
67%
So
67%
so
67%
Some
67%
somebody
67%
Suddenly,
67%
tendency
67%
than
67%
things
67%
think
67%
time
67%
told
67%
want
67%
wanted
67%
was
67%
way
67%
what
67%
while,
67%
with
67%
women
67%
wonder
67%
Won't
67%
you
67%
young
67%
younger
67%
you've
67%
California
33%
(California
33%
can
33%
comes
33%
find
33%
memorize
33%
myself
33%
Pacific
33%
put
33%
scenes
33%
scenes)
33%
spring
33%
Sweet
33%
(Sweet
33%
Teach
33%
teach
33%
that
33%
through
33%
together
33%
turn
33%
two
33%
unworthy
33%
waves
33%
waves)
33%
whoa,
33%
windows
33%
aeroplanes
0%
day,
0%
No matching quizzes found
Score Distribution
Percent of People with Each Score
Percentile by Number Answered
Your Score History
You have not taken this quiz